Nákupní podmínky a vybrané faktory, které je ovlivňují

Guardado en:
Detalles Bibliográficos
Autor principal: Valeš, Vladislav
Formato: Libro
Lenguaje:checo
Publicado: Praha Výzkumný ústav obchodu 1983
Colección:Knižnice VÚO 163
Etiquetas: Agregar Etiqueta
Sin Etiquetas, Sea el primero en etiquetar este registro!

MARC

LEADER 00000nam a2200000 4500
001 c133690
005 20251110132920.8
041 0 |a cze 
044 |a CZ 
245 1 0 |a Nákupní podmínky a vybrané faktory, které je ovlivňují  |c Vladislav Valeš 
264 1 |a Praha  |b Výzkumný ústav obchodu  |c 1983 
300 |a 53 s. 
490 1 |a Knižnice VÚO  |v 163 
830 0 |a Knižnice VÚO  |v 163 
100 1 |a Valeš, Vladislav